Fölin linjat - Statistics

Yleistilastot
  • Tätä visaa on pelattu 29 kertaa
  • Keskiarvotulos 23 / 58
Vastaustilastot
Linja Lähtöpaikka - määränpää % Oikein
201 Turku - Naantali
67%
1 Lentokenttä - Satama
63%
413 Turku - Lieto
63%
18 Harittu - Runosmäki
54%
7 Kaarina - Naantali
54%
2A Kohmo - Liljalaakso
54%
703/704/708/709 Puutori - Paimio
54%
42 Varissuo - Perno
54%
8 Kauppatori - Ruissalo
50%
P2 Kauppatori - Skanssi
50%
21/23 Kauppatori - Tortinmäki
50%
6 Lieto - Naantali
50%
700 Puutori - Piikkiö
50%
22 Kauppatori - Jäkärlä
46%
2 Kohmo - Länsinummi
46%
12 Varissuo - Härkämäki
46%
14 Erikvalla - Saramäki
42%
3/30 Kauppatori - Majakkaranta
42%
300 Kauppatori - Mylly
42%
1B Linja-autoasema - Satama
42%
2C Littoinen - Liljalaakso
42%
55/56 Räntämäki - Haarla
42%
801 Turku - Parainen
42%
32 Varissuo - Pansio
42%
61 Ilpoinen - Vienola
38%
15/A/B Kakskerta - Saramäki
38%
100 Kauppatori - Messukeskus
38%
301 Kauppatori - Rusko
38%
302/303 Kauppatori - Vahto
38%
707 Puutori - Hepojoki
38%
705/706 Puutori - Paimion parantola
38%
701 Puutori - Toivonlinna
38%
721 Turku - Kemiö
38%
720 Turku - Sauvo
38%
7A Turku - Vuorenpää
38%
13A Uittamo - Impivaaran uimahalli
38%
13 Uittamo - Takakirves
38%
9 Varissuo - Katariina
38%
50/51 Ylioppilaskylä - Oriniemi
38%
53 Ylioppilaskylä - Pikisaari
38%
221 Kaarina - Mylly
33%
88 Länsikeskus - Runosmäki
33%
2B Littoinen - Länsinummi
33%
20 Puutori - Muhkuri
33%
99 Uittamo - Perno
33%
60 Varissuo - Suikkila
33%
220 Ylioppilaskylä - Mylly
33%
99C Ilpoinen - Pansio
29%
99B Ilpoinen - Perno
29%
206 Puutori - Kaanaa
29%
203 Turku - Velkua
29%
99A Uittamo- Pansio
29%
54 Ylioppilaskylä - Papinsaari
29%
P3 Ilpoinen - Mälikkälä
25%
401/402 Puutori - Ilmarinen
25%
722 Turku - Taalintehdas
25%
P1 Lehmusvalkama - Kasarminkatu
21%
723 Turku - Kasnäs
21%
Ehtoja vastaavia visoja ei löytynyt
Tulosjakauma
Jokaisen tuloksen saaneiden osuus
Persentiili vastausten määrän mukaan
Tuloshistoriasi
Et ole pelannut tätä visaa